000
00310nam a22001217a 4500
008
181207b xxu||||| |||| 00| 0 eng d
041
_a
eng
080
_a
618
100
_a
9
101
_a
GYN
245
_a
Clinical Problems Injueries Complications Of Gynecology Surgery
_c
David .H.N
942
_2
udc
_c
BK
999
_c
53085
_d
53085